Music Quiz

Random Music or Billboard Quiz

Rock and Roll Hall of Famers with #1 Hits Quiz Stats

 Plays Quiz Retired Jun 22, 2021

     
Support Sporcle.
Go Orange.
Score 0/105 Timer 08:00
0 Plays Today
Induction Year Artist Name % Correct
Inducted 2000-2002Michael Jackson
89.7%
Inducted 1988-1989The Beatles
88.4%
Inducted 1995-1997Pink Floyd
85%
Inducted 2008-2015ABBA
84.2%
Inducted 2000-2002Paul Simon
83.8%
Inducted 1986-1987Aretha Franklin
82.8%
Inducted 1986-1987Elvis Presley
80.9%
Inducted 1988-1989The Rolling Stones
80.2%
Inducted 1990-1994Simon & Garfunkel
79.3%
Inducted 1995-1997The Jackson 5
79.1%
Inducted 2003-2007The Police
78.8%
Inducted 2008-2015Guns N' Roses
78.3%
Inducted 2003-2007Van Halen
77.9%
Inducted 1986-1987Marvin Gaye
77.1%
Inducted 2000-2002Queen
76.5%
Inducted 2003-2007U2
75.7%
Inducted 1988-1989Otis Redding
74.4%
Inducted 1990-1994Elton John
73.6%
Inducted 1988-1989The Beach Boys
73.4%
Inducted 1995-1997Bee Gees
72.8%
Inducted 2020-2021Whitney Houston
72.3%
Inducted 1990-1994The Animals
72.1%
Inducted 1986-1987Ray Charles
70.5%
Inducted 2016-2019Bon Jovi
70.2%
Inducted 2000-2002Eric Clapton
70%
Inducted 2000-2002Aerosmith
70%
Inducted 1995-1997Janis Joplin
69.8%
Inducted 2020-2021Tina Turner
67.8%
Inducted 1986-1987Bill Haley & His Comets
67%
Inducted 2008-2015Joan Jett & the Blackhearts
66.5%
Inducted 2008-2015John Mellencamp
66.4%
Inducted 1995-1997Neil Young
63.2%
Inducted 2003-2007Blondie
62.8%
Inducted 2008-2015The Crickets
61.5%
Inducted 2008-2015Peter Gabriel
60.8%
Induction Year Artist Name % Correct
Inducted 1986-1987Chuck Berry
60.4%
Inducted 1998-1999Billy Joel
60.1%
Inducted 1990-1994The Doors
59.9%
Inducted 2008-2015Genesis
59.6%
Inducted 1990-1994The Byrds
59.4%
Inducted 1998-1999The Mamas & The Papas
59.3%
Inducted 1988-1989The Supremes
58.1%
Inducted 2020-2021Jay-Z
58.1%
Inducted 1995-1997David Bowie
57.5%
Inducted 2016-2019Dire Straits
57.1%
Inducted 1998-1999Eagles
57%
Inducted 1990-1994Sly and the Family Stone
56.5%
Inducted 2008-2015Donna Summer
56.4%
Inducted 1998-1999Fleetwood Mac
55.5%
Inducted 2020-2021Carole King
55.2%
Inducted 1995-1997Gladys Knight & The Pips
54.6%
Inducted 1995-1997Al Green
54.2%
Inducted 2003-2007Percy Sledge
52.6%
Inducted 1990-1994John Lennon
52.4%
Inducted 2000-2002James Taylor
52.1%
Inducted 1990-1994The Four Seasons
50.9%
Inducted 1986-1987The Everly Brothers
50.3%
Inducted 2008-2015Hall and Oates
49.7%
Inducted 2008-2015Madonna
49.6%
Inducted 2000-2002Isaac Hayes
49.3%
Inducted 1990-1994Bobby Darin
48.9%
Inducted 1988-1989Dion
48.6%
Inducted 1998-1999Paul McCartney
47.7%
Inducted 1988-1989The Temptations
47.1%
Inducted 2003-2007Prince
46.9%
Inducted 1990-1994Four Tops
46.8%
Inducted 2008-2015Neil Diamond
46.5%
Inducted 2016-2019Yes
45.1%
Inducted 1990-1994Rod Stewart
45.1%
Inducted 2008-2015Heart
45.1%
Induction Year Artist Name % Correct
Inducted 2016-2019Def Leppard
44.6%
Inducted 2003-2007George Harrison
43.6%
Inducted 2020-2021The Doobie Brothers
41.6%
Inducted 1998-1999Santana
41.1%
Inducted 2008-2015Bill Withers
40.3%
Inducted 2016-2019Chicago
38.9%
Inducted 1990-1994Louis Armstrong
38.8%
Inducted 2000-2002Earth, Wind & Fire
38.3%
Inducted 1986-1987Sam Cooke
38%
Inducted 2008-2015Donovan
37.2%
Inducted 2016-2019Janet Jackson
36.5%
Inducted 1986-1987Ricky Nelson
35.1%
Inducted 2008-2015Linda Ronstadt
35%
Inducted 1998-1999Del Shannon
33.4%
Inducted 2000-2002The Lovin' Spoonful
33.2%
Inducted 2020-2021The Notorious B.I.G.
32.9%
Inducted 1988-1989Stevie Wonder
32.9%
Inducted 2003-2007The O'Jays
32.7%
Inducted 2008-2015Ringo Starr
32.2%
Inducted 2016-2019Tupac Shakur
32.2%
Inducted 1995-1997The Shirelles
30.6%
Inducted 1988-1989The Drifters
28.7%
Inducted 1986-1987Roy Orbison
28.7%
Inducted 2016-2019Cheap Trick
28.5%
Inducted 2003-2007Bob Seger
28.3%
Inducted 2003-2007The Righteous Brothers
27.7%
Inducted 1986-1987The Coasters
25.7%
Inducted 1995-1997The Rascals
24.7%
Inducted 2016-2019Steve Miller Band
23.9%
Inducted 2008-2015The Miracles
23.1%
Inducted 1990-1994The Platters
19.4%
Inducted 2000-2002Brenda Lee
16%
Inducted 2008-2015The Dave Clark Five
12.4%
Inducted 1998-1999Lloyd Price
11.2%
Inducted 1998-1999The Staple Singers
8.7%

From the Vault

A-Z Double Letter Words Blitz

by DesertSpartan

It's one of those rare times when seeing double is actually okay.
Remove Ads.
Support Sporcle.
Get the best of Sporcle when you Go Orange. This ad-free experience offers more features, more stats, and more fun while also helping to support Sporcle. Thank you for becoming a member.

Show Comments

Extras

Top Quizzes Today


Score Distribution

Your Account Isn't Verified!

In order to create a playlist on Sporcle, you need to verify the email address you used during registration. Go to your Sporcle Settings to finish the process.

Report this User

Report this user for behavior that violates our Community Guidelines.

Details: